2024 Civil Engineering GATE/ (Record no. 197738)

MARC details
000 -LEADER
fixed length control field 00568nam a22001817a 4500
005 - DATE AND TIME OF LATEST TRANSACTION
control field 20230912130228.0
010 ## - LCCN (DPL NO)
LC control number ENG-137939
020 ## - INTERNATIONAL STANDARD BOOK NUMBER
Terms of availability 1025.00
International Standard Book Number 9789357052139
035 ## - SYSTEM CONTROL NUMBER
System control number EN-121471
037 ## - SOURCE OF ACQUISITION
Source of stock number/acquisition DBAD/PUB
082 ## - DEWEY DECIMAL CLASSIFICATION NUMBER
Classification number 624
245 ## - TITLE STATEMENT
Title 2024 Civil Engineering GATE/
260 ## - PUBLICATION, DISTRIBUTION, ETC. (IMPRINT)
Place of publication, distribution, etc Noida
Name of publisher, distributor, etc Pearson India Education Services Pvt Ltd
Date of publication, distribution, etc 2023
270 ## - ADDRESS
Address Ist Floor, Berger Tower, Plot No C-001A/2 Sector 16B
City Noida
Postal code 201301
300 ## - PHYSICAL DESCRIPTION
Extent vpp.
Dimensions 28cm(pbk)
500 ## - GENERAL NOTE
General note Comprehensive Guide To Boost Preparation
942 ## - ADDED ENTRY ELEMENTS (KOHA)
Source of classification or shelving scheme Dewey Decimal Classification
Item type English Books
Classification part 624
Call number suffix GAT
Holdings
Withdrawn status Lost status Not for loan Collection code Home library Current library Date acquired Source of acquisition Cost, normal purchase price Full call number Barcode Copy number Cost, replacement price Koha item type
      Non-fiction Central Jail Tihar Central Jail Tihar 31/08/2023 DBAD/PUB 1025.00 GAT 624 EN-121471 1 1025.00 English Books

© Delhi Public Library
Hit Counter
free hit counter